[Event "NB2 Asztalos csoport"]
[Site "Pecs"]
[Date "2024.11.17"]
[Round "2.2"]
[White "Albrecht, Akos"]
[Black "Kadlicsko, Jozsef"]
[Result "1-0"]
[WhiteElo "2004"]
[BlackElo "2018"]
[PlyCount "95"]
[EventDate "2024.11.03"]
[EventType "team-tourn"]
[EventRounds "9"]
[EventCountry "HUN"]
[Source "chess.hu"]
[SourceDate "2024.11.17"]
[WhiteTeam "Karmin PSSE"]
[BlackTeam "Kaposvari Bastya SE"]
[WhiteTeamCountry "HUN"]
[BlackTeamCountry "HUN"]

1. d4 Nf6 2. Bf4 e6 3. e3 b6 4. Nd2 Bb7 5. Ngf3 Be7 6. Bd3 d6 7. h3 Nbd7 8. O-O
Nd5 9. Bh2 Nb4 10. Be2 c5 11. c3 Nc6 12. Nc4 Qc7 13. dxc5 Nxc5 14. Nxd6+ Bxd6
15. Bxd6 Qd7 16. Bxc5 bxc5 17. Qxd7+ Kxd7 18. Bb5 Ke7 19. Rfd1 Rhd8 20. Kf1 f6
21. Ke2 a6 22. Bxc6 Bxc6 23. Rxd8 Rxd8 24. Rd1 Rb8 25. Rd2 h5 26. g3 g5 27. h4
Rg8 28. hxg5 Bxf3+ 29. Kxf3 fxg5 30. b4 Rf8+ 31. Kg2 Rb8 32. a3 cxb4 33. cxb4
Rb5 34. Rc2 Kd6 35. Rc4 a5 36. e4 e5 37. Kf3 Rb8 38. Ke3 Rb7 39. Ke2 Rb5 40.
Kf1 Kd7 41. Kg2 Kd6 42. bxa5 Rxa5 43. a4 Ra8 44. f3 g4 45. Kf2 gxf3 46. Kxf3
Rf8+ 47. Kg2 Ra8 48. Kh3 1-0

[Event "NB2 Asztalos csoport"]
[Site "Pecs"]
[Date "2024.11.17"]
[Round "2.3"]
[White "Erdelyi, Sandor"]
[Black "Hrubos, Viktor"]
[Result "0-1"]
[WhiteElo "1905"]
[BlackElo "1929"]
[PlyCount "68"]
[EventDate "2024.11.03"]
[EventType "team-tourn"]
[EventRounds "9"]
[EventCountry "HUN"]
[Source "chess.hu"]
[SourceDate "2024.11.17"]
[WhiteTeam "Kaposvari Bastya SE"]
[BlackTeam "Karmin PSSE"]
[WhiteTeamCountry "HUN"]
[BlackTeamCountry "HUN"]

1. d4 Nf6 2. Nf3 d6 3. Bf4 Nbd7 4. e3 h6 5. h3 c5 6. c3 b6 7. d5 Bb7 8. c4 b5
9. b3 bxc4 10. bxc4 g5 11. Bh2 g4 12. hxg4 Nxg4 13. Nbd2 Nxh2 14. Rxh2 Qa5 15.
Qc2 Ba6 16. Bd3 Bg7 17. Rb1 Nb6 18. Ke2 Na4 19. Rb3 Nc3+ 20. Kf1 Nxa2 21. Be2
Nb4 22. Qf5 Qa1+ 23. Rb1 Qa2 24. Rb3 Bc8 25. Qb1 Qxb1+ 26. Rxb1 a5 27. Nb3 Bf5
28. Re1 a4 29. Na1 a3 30. g4 Bg6 31. Kg2 a2 32. Rhh1 Nc2 33. Nxc2 Bxc2 34. Nd2
a1=Q 0-1

[Event "NB2 Asztalos csoport"]
[Site "Pecs"]
[Date "2024.11.17"]
[Round "2.4"]
[White "Toth, David dr"]
[Black "Biro, Tamas"]
[Result "1-0"]
[WhiteElo "1981"]
[BlackElo "1849"]
[PlyCount "103"]
[EventDate "2024.11.03"]
[EventType "team-tourn"]
[EventRounds "9"]
[EventCountry "HUN"]
[Source "chess.hu"]
[SourceDate "2024.11.17"]
[WhiteTeam "Karmin PSSE"]
[BlackTeam "Kaposvari Bastya SE"]
[WhiteTeamCountry "HUN"]
[BlackTeamCountry "HUN"]

1. d4 d5 2. c4 e6 3. Nc3 Nf6 4. cxd5 exd5 5. Bg5 c6 6. Qc2 Be7 7. e3 Nbd7 8.
Bd3 h6 9. Bh4 c5 10. Nf3 c4 11. Bf5 a6 12. O-O O-O 13. Nd2 b5 14. a3 Re8 15. f3
Nf8 16. Bf2 g6 17. Bxc8 Rxc8 18. h3 Ne6 19. Rae1 Qb6 20. Ne2 Ng5 21. e4 a5 22.
e5 Nfh7 23. f4 Ne6 24. f5 Nd8 25. Nf4 Qc6 26. fxg6 fxg6 27. Nxg6 b4 28. Nxe7+
Rxe7 29. axb4 axb4 30. Bh4 Rg7 31. Bf6 Nxf6 32. Rxf6 Qd7 33. Rxh6 c3 34. Nf3
Qf7 35. Rf6 Qh5 36. Rf1 Nf7 37. e6 Ng5 38. Nxg5 Qxg5 39. bxc3 bxc3 40. R6f3 Qh4
41. Rd1 Qg5 42. e7 Rxe7 43. Rxc3 Rce8 44. Qf2 Rg7 45. Rf3 Qh5 46. Rf1 Qg6 47.
Rf8+ Rxf8 48. Qxf8+ Kh7 49. Qf5 Re7 50. Qxd5 Kg7 51. Rf5 Qh6 52. Rg5+ 1-0

[Event "NB2 Asztalos csoport"]
[Site "Pecs"]
[Date "2024.11.17"]
[Round "2.5"]
[White "Palavics, Krisztian"]
[Black "Pinter, Szabolcs Peter"]
[Result "1/2-1/2"]
[WhiteElo "1880"]
[BlackElo "1865"]
[PlyCount "40"]
[EventDate "2024.11.03"]
[EventType "team-tourn"]
[EventRounds "9"]
[EventCountry "HUN"]
[Source "chess.hu"]
[SourceDate "2024.11.17"]
[WhiteTeam "Kaposvari Bastya SE"]
[BlackTeam "Karmin PSSE"]
[WhiteTeamCountry "HUN"]
[BlackTeamCountry "HUN"]

1. e4 d6 2. d4 Nf6 3. Nc3 e5 4. Nf3 Nbd7 5. Be3 Be7 6. h3 O-O 7. Be2 Re8 8.
dxe5 Nxe5 9. O-O Be6 10. Nxe5 dxe5 11. a3 c6 12. Qxd8 Rexd8 13. Rfd1 b6 14. Kf1
Ne8 15. Rxd8 Rxd8 16. Rd1 Nd6 17. f4 Nc4 18. Rxd8+ Bxd8 19. Bxc4 Bxc4+ 20. Kf2
exf4 1/2-1/2

[Event "NB2 Asztalos csoport"]
[Site "Pecs"]
[Date "2024.11.17"]
[Round "2.6"]
[White "Katona, Peter"]
[Black "Makaresz, Ferenc"]
[Result "1-0"]
[WhiteElo "1898"]
[BlackElo "1889"]
[PlyCount "107"]
[EventDate "2024.11.03"]
[EventType "team-tourn"]
[EventRounds "9"]
[EventCountry "HUN"]
[Source "chess.hu"]
[SourceDate "2024.11.17"]
[WhiteTeam "Karmin PSSE"]
[BlackTeam "Kaposvari Bastya SE"]
[WhiteTeamCountry "HUN"]
[BlackTeamCountry "HUN"]

1. e4 e5 2. Nf3 d6 3. d4 exd4 4. Nxd4 Bd7 5. Nc3 Nc6 6. Be2 Nf6 7. O-O Be7 8.
f4 O-O 9. Bf3 Nxd4 10. Qxd4 b6 11. Qf2 Rb8 12. Be3 Ng4 13. Bxg4 Bxg4 14. f5 Bh5
15. Nd5 f6 16. Qg3 Kh8 17. Nf4 Bf7 18. Qh4 Qe8 19. Rf3 g5 20. fxg6 Bxg6 21. Ne6
Qd7 22. Nxf8 Rxf8 23. Bd4 Qe6 24. Re1 Kg8 25. b3 f5 26. exf5 Bxh4 27. Rxe6 Bxf5
28. Rh6 Bd8 29. Rg3+ Kf7 30. Rg7+ Ke8 31. g4 Bg6 32. Rhxg6 hxg6 33. Rxg6 c5 34.
Bb2 d5 35. g5 d4 36. h4 Rh8 37. Re6+ Kf7 38. Re4 Kg6 39. Kf2 Rf8+ 40. Kg3 Kh5
41. Re6 Bc7+ 42. Kh3 Rf3+ 43. Kg2 Rg3+ 44. Kf2 Kxh4 45. Bc1 Rc3 46. g6 Rxc2+
47. Kf3 Rxc1 48. g7 Rf1+ 49. Kg2 Rf5 50. Rg6 Bf4 51. g8=Q Bg5 52. Qh7+ Kg4 53.
Qh3+ Kf4 54. Qg3+ 1-0

[Event "NB2 Asztalos csoport"]
[Site "Pecs"]
[Date "2024.11.17"]
[Round "2.7"]
[White "Mihalecz, Attila"]
[Black "Nagy, Peter"]
[Result "1/2-1/2"]
[WhiteElo "1914"]
[BlackElo "1874"]
[PlyCount "35"]
[EventDate "2024.11.03"]
[EventType "team-tourn"]
[EventRounds "9"]
[EventCountry "HUN"]
[Source "chess.hu"]
[SourceDate "2024.11.17"]
[WhiteTeam "Kaposvari Bastya SE"]
[BlackTeam "Karmin PSSE"]
[WhiteTeamCountry "HUN"]
[BlackTeamCountry "HUN"]

1. e4 c6 2. Nf3 d5 3. Nc3 Bg4 4. h3 Bxf3 5. Qxf3 e6 6. exd5 exd5 7. d4 Bd6 8.
Bd3 Nf6 9. O-O O-O 10. Ne2 Nbd7 11. Ng3 Re8 12. Bg5 Qb6 13. c3 h6 14. Bxf6 Nxf6
15. Nf5 Qd8 16. Rfe1 Bf8 17. Rxe8 Nxe8 18. Re1 1/2-1/2

[Event "NB2 Asztalos csoport"]
[Site "Pecs"]
[Date "2024.11.17"]
[Round "2.8"]
[White "Feher, Laszlo"]
[Black "Marcsingo, Jozsef"]
[Result "1/2-1/2"]
[WhiteElo "1741"]
[BlackElo "1779"]
[PlyCount "66"]
[EventDate "2024.11.03"]
[EventType "team-tourn"]
[EventRounds "9"]
[EventCountry "HUN"]
[Source "chess.hu"]
[SourceDate "2024.11.17"]
[WhiteTeam "Karmin PSSE"]
[BlackTeam "Kaposvari Bastya SE"]
[WhiteTeamCountry "HUN"]
[BlackTeamCountry "HUN"]

1. e4 e5 2. f4 d6 3. Bc4 Nf6 4. Nc3 Nc6 5. Nf3 Be7 6. O-O O-O 7. d3 a6 8. Bb3
b5 9. Nd5 Be6 10. Nxe7+ Qxe7 11. fxe5 dxe5 12. Bxe6 Qxe6 13. Bg5 h6 14. Bd2
Rad8 15. Qe1 Nd4 16. Nxd4 exd4 17. Qh4 Qg4 18. Qxg4 Nxg4 19. h3 Ne5 20. Bf4 f6
21. Bxe5 fxe5 22. Rf5 Rfe8 23. Raf1 Re7 24. c3 c5 25. cxd4 cxd4 26. Rc1 Rf8 27.
g4 Re6 28. Kf2 g6 29. Rxf8+ Kxf8 30. Rc7 Rf6+ 31. Ke2 Re6 32. h4 g5 33. hxg5
hxg5 1/2-1/2

[Event "NB2 Asztalos csoport"]
[Site "Pecs"]
[Date "2024.11.17"]
[Round "2.9"]
[White "Illes, Attila Dr"]
[Black "Lang, Bence"]
[Result "1-0"]
[WhiteElo "1915"]
[BlackElo "1767"]
[PlyCount "107"]
[EventDate "2024.11.03"]
[EventType "team-tourn"]
[EventRounds "9"]
[EventCountry "HUN"]
[Source "chess.hu"]
[SourceDate "2024.11.17"]
[WhiteTeam "Kaposvari Bastya SE"]
[BlackTeam "Karmin PSSE"]
[WhiteTeamCountry "HUN"]
[BlackTeamCountry "HUN"]

1. d4 Nf6 2. Nf3 g6 3. Bg5 Bg7 4. c3 d6 5. Nbd2 Nbd7 6. e4 O-O 7. Bd3 e5 8. O-O
h6 9. Bh4 Qe8 10. dxe5 Nxe5 11. Nxe5 dxe5 12. Qe2 Be6 13. Bc4 g5 14. Bg3 Nd7
15. Bxe6 Qxe6 16. Qc4 Qxc4 17. Nxc4 Nc5 18. f3 Rfe8 19. Rfd1 f6 20. Rd5 b6 21.
Rad1 Ne6 22. Kf2 Rad8 23. Ke2 h5 24. h3 h4 25. Bh2 Kf7 26. Ne3 Bf8 27. Nf5 Rxd5
28. Rxd5 Rd8 29. b4 c6 30. Rxd8 Nxd8 31. Kd3 Ke6 32. Bg1 Nb7 33. Kc4 b5+ 34.
Kd3 a6 35. Bf2 Nd8 36. g3 hxg3 37. Bxg3 Nf7 38. Bf2 Nh6 39. Ng3 Be7 40. Ne2 f5
41. Nc1 fxe4+ 42. fxe4 c5 43. bxc5 Kd7 44. Nb3 Bd8 45. Be3 Nf7 46. Ke2 Nh8 47.
Kf3 Ng6 48. Kg4 Nf4 49. Kf5 Nxh3 50. Kxe5 g4 51. Kf5 g3 52. Kg4 Nf2+ 53. Kf3
Bc7 54. Nd4 1-0

[Event "NB2 Asztalos csoport"]
[Site "Pecs"]
[Date "2024.11.17"]
[Round "2.10"]
[White "Orsos, Kristof"]
[Black "Schlegl, Peter"]
[Result "0-1"]
[WhiteElo "1694"]
[BlackElo "1715"]
[PlyCount "94"]
[EventDate "2024.11.03"]
[EventType "team-tourn"]
[EventRounds "9"]
[EventCountry "HUN"]
[Source "chess.hu"]
[SourceDate "2024.11.17"]
[WhiteTeam "Karmin PSSE"]
[BlackTeam "Kaposvari Bastya SE"]
[WhiteTeamCountry "HUN"]
[BlackTeamCountry "HUN"]

1. d4 d5 2. c4 c6 3. Nf3 Bf5 4. Nc3 e6 5. Bf4 Bd6 6. Bxd6 Qxd6 7. Qb3 b6 8. c5
Qc7 9. e3 Nd7 10. Na4 bxc5 11. Qc3 c4 12. Be2 Ngf6 13. Nh4 Ne4 14. Qc1 Qa5+ 15.
Nc3 Bg6 16. O-O Nxc3 17. bxc3 O-O 18. Nxg6 hxg6 19. Qc2 Rab8 20. Rfb1 Rxb1+ 21.
Rxb1 Rb8 22. Rxb8+ Nxb8 23. Qb2 Qb5 24. Qc2 a5 25. f3 a4 26. Bd1 a3 27. Kf1 Kf8
28. g4 Ke7 29. h4 Nd7 30. f4 Nf6 31. Ke1 Ne4 32. Bf3 f5 33. gxf5 exf5 34. Bxe4
fxe4 35. Kd1 Kf6 36. Kc1 c5 37. Qg2 cxd4 38. exd4 Qb2+ 39. Qxb2 axb2+ 40. Kxb2
Ke6 41. Kc2 Kd6 42. Kd2 Kc6 43. a4 Kb6 44. Ke3 Ka5 45. f5 gxf5 46. h5 Kxa4 47.
Kf4 Kb3 0-1

[Event "NB2 Asztalos csoport"]
[Site "Dunaujvaros"]
[Date "2024.11.17"]
[Round "2.1"]
[White "Haszon, David"]
[Black "Janoshalmi, Attila"]
[Result "1/2-1/2"]
[WhiteElo "2239"]
[BlackElo "2204"]
[PlyCount "85"]
[EventDate "2024.11.03"]
[EventType "team-tourn"]
[EventRounds "9"]
[EventCountry "HUN"]
[Source "chess.hu"]
[SourceDate "2024.11.17"]
[WhiteTeam "Marcali VSZSE"]
[BlackTeam "MartonVal-Kiralysakk"]
[WhiteTeamCountry "HUN"]
[BlackTeamCountry "HUN"]

1. Nf3 Nf6 2. g3 b5 3. a4 b4 4. Bg2 Bb7 5. c3 c5 6. Qb3 e6 7. O-O Nc6 8. d4 Na5
9. Qd1 Be7 10. dxc5 Bxc5 11. cxb4 Bxb4 12. Bd2 Qe7 13. Bxb4 Qxb4 14. Qd2 Qb6
15. Qg5 O-O 16. Nbd2 Rac8 17. Qb5 Nd5 18. Ne5 Qc7 19. Bxd5 Bxd5 20. e4 Rb8 21.
Qd3 Qxe5 22. exd5 Qxd5 23. Qxd5 exd5 24. Rfc1 Rxb2 25. Rc5 Nc4 26. Nxc4 dxc4
27. Rd1 Rb7 28. a5 g6 29. Rxc4 Rb5 30. a6 Rb6 31. Ra1 Rc6 32. Rxc6 dxc6 33. Rb1
f6 34. Rb7 Rf7 35. Kf1 Kf8 36. Ke2 Ke8 37. Ke3 Rd7 38. Rb8+ Ke7 39. Rc8 Kd6 40.
Kd4 Rc7 41. Rd8+ Rd7 42. Rc8 Rc7 43. Rd8+ 1/2-1/2

[Event "NB2 Asztalos csoport"]
[Site "Dunaujvaros"]
[Date "2024.11.17"]
[Round "2.2"]
[White "Remenyi, Szilard"]
[Black "Link, Ulrich"]
[Result "1/2-1/2"]
[WhiteElo "2007"]
[BlackElo "2067"]
[PlyCount "24"]
[EventDate "2024.11.03"]
[EventType "team-tourn"]
[EventRounds "9"]
[EventCountry "HUN"]
[Source "chess.hu"]
[SourceDate "2024.11.17"]
[WhiteTeam "MartonVal-Kiralysakk"]
[BlackTeam "Marcali VSZSE"]
[WhiteTeamCountry "HUN"]
[BlackTeamCountry "HUN"]

1. d4 d5 2. c4 e6 3. g3 Nf6 4. Bg2 Be7 5. Nf3 dxc4 6. Qa4+ Nbd7 7. O-O a6 8.
Qxc4 b5 9. Qd3 Bb7 10. a3 c5 11. dxc5 Nxc5 12. Qxd8+ Rxd8 1/2-1/2

[Event "NB2 Asztalos csoport"]
[Site "Dunaujvaros"]
[Date "2024.11.17"]
[Round "2.3"]
[White "Ferenczy, Mate"]
[Black "Katona, Ferenc"]
[Result "1/2-1/2"]
[WhiteElo "2014"]
[BlackElo "2102"]
[PlyCount "44"]
[EventDate "2024.11.03"]
[EventType "team-tourn"]
[EventRounds "9"]
[EventCountry "HUN"]
[Source "chess.hu"]
[SourceDate "2024.11.17"]
[WhiteTeam "Marcali VSZSE"]
[BlackTeam "MartonVal-Kiralysakk"]
[WhiteTeamCountry "HUN"]
[BlackTeamCountry "HUN"]

1. e4 e5 2. Bc4 Nf6 3. d3 h6 4. Nc3 Nc6 5. a3 Bc5 6. f4 exf4 7. Bxf4 d6 8. Na4
Bxg1 9. Rxg1 a6 10. Nc3 Be6 11. Nd5 Ne5 12. Bxe5 dxe5 13. Nxf6+ Qxf6 14. Bxe6
Qxe6 15. Qh5 g6 16. Qh4 Qb6 17. O-O-O Qe3+ 18. Kb1 Qg5 19. Qf2 Qe7 20. Qe3 Qg5
21. Qc5 Qe7 22. Qe3 Qg5 1/2-1/2

[Event "NB2 Asztalos csoport"]
[Site "Dunaujvaros"]
[Date "2024.11.17"]
[Round "2.4"]
[White "Remenyi, Lajos Jr"]
[Black "Haszon, Abel"]
[Result "0-1"]
[WhiteElo "1963"]
[BlackElo "1943"]
[PlyCount "142"]
[EventDate "2024.11.03"]
[EventType "team-tourn"]
[EventRounds "9"]
[EventCountry "HUN"]
[Source "chess.hu"]
[SourceDate "2024.11.17"]
[WhiteTeam "MartonVal-Kiralysakk"]
[BlackTeam "Marcali VSZSE"]
[WhiteTeamCountry "HUN"]
[BlackTeamCountry "HUN"]

1. e4 d6 2. d4 Nf6 3. Nc3 Nbd7 4. Bc4 e5 5. Nf3 h6 6. O-O Be7 7. Be3 c6 8. a4
O-O 9. Bb3 Qc7 10. h3 Re8 11. Re1 Nf8 12. d5 Ng6 13. a5 c5 14. Nd2 Rf8 15. Nb5
Qd8 16. c4 Bd7 17. Nc3 Nh4 18. f4 exf4 19. Bxf4 Qc8 20. Bg3 Ng6 21. Ba4 Ne5 22.
Bxd7 Qxd7 23. Bxe5 dxe5 24. Nf3 Bd6 25. Nh4 g6 26. Rf1 Nh5 27. Ra3 Be7 28. Nf3
Bf6 29. Ne2 b5 30. b3 Rab8 31. Nh2 Bg5 32. Rf3 f5 33. exf5 e4 34. Rf1 Rxf5 35.
Rxf5 Qxf5 36. Ng4 Nf6 37. Nxf6+ Qxf6 38. Ng3 Be3+ 39. Kh1 Re8 40. cxb5 Bd4 41.
Qe2 Qf4 42. Qe1 Be5 43. b4 cxb4 44. Re3 Rc8 45. Rxe4 Rc1 46. Rxf4 Rxe1+ 47. Rf1
Rxf1+ 48. Nxf1 Bc7 49. b6 axb6 50. a6 Bb8 51. Kg1 Kf7 52. Kf2 Kf6 53. Ke3 Ke5
54. d6 Kxd6 55. Kd4 b5 56. Nd2 Kc6 57. Nb3 Kb6 58. Nc5 Bd6 59. Nb3 Kxa6 60. Kd5
Bf4 61. Kc6 Be3 62. Kc7 h5 63. g4 h4 64. Kc6 Bb6 65. Nd2 Ka5 66. Nb3+ Ka4 67.
Nc1 Be3 68. Ne2 g5 69. Kd5 b3 70. Ke4 Bc5 71. Kd5 Bb4 0-1

[Event "NB2 Asztalos csoport"]
[Site "Dunaujvaros"]
[Date "2024.11.17"]
[Round "2.5"]
[White "Garai, Tamas"]
[Black "Osztobanyi, Zoltan"]
[Result "1/2-1/2"]
[WhiteElo "1929"]
[BlackElo "2108"]
[PlyCount "33"]
[EventDate "2024.11.03"]
[EventType "team-tourn"]
[EventRounds "9"]
[EventCountry "HUN"]
[Source "chess.hu"]
[SourceDate "2024.11.17"]
[WhiteTeam "Marcali VSZSE"]
[BlackTeam "MartonVal-Kiralysakk"]
[WhiteTeamCountry "HUN"]
[BlackTeamCountry "HUN"]

1. e4 c6 2. d4 d5 3. exd5 cxd5 4. Nf3 Bg4 5. h3 Bxf3 6. Qxf3 Nf6 7. Bd3 e6 8.
O-O Nc6 9. c3 Be7 10. Re1 O-O 11. Nd2 Rb8 12. Nf1 b5 13. a3 a5 14. b4 Qc7 15.
Bf4 Bd6 16. Bg5 Be7 17. Bf4 1/2-1/2

[Event "NB2 Asztalos csoport"]
[Site "Dunaujvaros"]
[Date "2024.11.17"]
[Round "2.6"]
[White "Szabo, Levente"]
[Black "Jankovics, Emod"]
[Result "1-0"]
[WhiteElo "1903"]
[BlackElo "1868"]
[PlyCount "81"]
[EventDate "2024.11.03"]
[EventType "team-tourn"]
[EventRounds "9"]
[EventCountry "HUN"]
[Source "chess.hu"]
[SourceDate "2024.11.17"]
[WhiteTeam "MartonVal-Kiralysakk"]
[BlackTeam "Marcali VSZSE"]
[WhiteTeamCountry "HUN"]
[BlackTeamCountry "HUN"]

1. d4 Nf6 2. Nf3 g6 3. c4 Bg7 4. Nc3 O-O 5. e4 d6 6. Be2 e5 7. d5 a5 8. a4 Na6
9. O-O Nc5 10. Qc2 Nh5 11. Ne1 f5 12. Be3 f4 13. Bd2 Nf6 14. f3 g5 15. Nd3 Na6
16. Nb5 b6 17. b4 axb4 18. Nxb4 Nxb4 19. Bxb4 g4 20. a5 gxf3 21. Bxf3 bxa5 22.
Rxa5 Rxa5 23. Bxa5 Ne8 24. Rb1 Rf6 25. c5 Bf8 26. cxd6 Bxd6 27. Nxd6 Qxd6 28.
Rc1 Qa3 29. Qc3 Qa4 30. Qb4 Qa2 31. Qc5 Rf7 32. Bc3 Bd7 33. Bxe5 Qd2 34. Qc3
Qa2 35. Bd4 Qa6 36. e5 Bf5 37. e6 Re7 38. Bc5 Nd6 39. Ra1 Qb7 40. Qb4 Qxb4 41.
Bxb4 1-0

[Event "NB2 Asztalos csoport"]
[Site "Dunaujvaros"]
[Date "2024.11.17"]
[Round "2.7"]
[White "Bihary, Soma Botond"]
[Black "Csernyiczky, Laszlo"]
[Result "0-1"]
[WhiteElo "1753"]
[BlackElo "1957"]
[PlyCount "92"]
[EventDate "2024.11.03"]
[EventType "team-tourn"]
[EventRounds "9"]
[EventCountry "HUN"]
[Source "chess.hu"]
[SourceDate "2024.11.17"]
[WhiteTeam "Marcali VSZSE"]
[BlackTeam "MartonVal-Kiralysakk"]
[WhiteTeamCountry "HUN"]
[BlackTeamCountry "HUN"]

1. e4 e5 2. Nf3 Nc6 3. Bb5 Nf6 4. O-O Nxe4 5. Re1 Nd6 6. Bxc6 dxc6 7. Nxe5 Be7
8. Nc3 O-O 9. d4 Nf5 10. Nf3 Bf6 11. Ne2 Re8 12. c3 Nd6 13. Ng3 Bg4 14. Rxe8+
Qxe8 15. Bf4 Qd7 16. Qd3 Re8 17. Ne5 Qe6 18. Re1 Qxa2 19. h3 Be6 20. Nh5 Bd8
21. Nf3 g6 22. Ng3 Bf6 23. Ne4 Be7 24. Nfg5 Bf5 25. Bxd6 cxd6 26. Nf6+ Bxf6 27.
Rxe8+ Kg7 28. Qe3 Qxb2 29. Ne4 Bxe4 30. Rxe4 Qb1+ 31. Kh2 Qb3 32. g4 h6 33. f4
a5 34. g5 hxg5 35. fxg5 Bxg5 36. Qxg5 Qc2+ 37. Qg2 Qxc3 38. Rh4 a4 39. d5 a3
40. dxc6 bxc6 41. Qe2 d5 42. Rf4 a2 43. Qe7 Qd2+ 44. Kg3 Qxf4+ 45. Kxf4 a1=Q
46. Qc5 Qf6+ 0-1

[Event "NB2 Asztalos csoport"]
[Site "Dunaujvaros"]
[Date "2024.11.17"]
[Round "2.8"]
[White "Zelenak, Donat"]
[Black "Mike, Janos"]
[Result "1/2-1/2"]
[WhiteElo "1892"]
[BlackElo "1888"]
[PlyCount "48"]
[EventDate "2024.11.03"]
[EventType "team-tourn"]
[EventRounds "9"]
[EventCountry "HUN"]
[Source "chess.hu"]
[SourceDate "2024.11.17"]
[WhiteTeam "MartonVal-Kiralysakk"]
[BlackTeam "Marcali VSZSE"]
[WhiteTeamCountry "HUN"]
[BlackTeamCountry "HUN"]

1. Nf3 Nf6 2. d4 d5 3. g3 c6 4. Bg2 Nbd7 5. O-O e6 6. c4 Be7 7. Qc2 h6 8. Nbd2
O-O 9. e4 Nxe4 10. Nxe4 dxe4 11. Qxe4 Nf6 12. Qc2 Qc7 13. Re1 Rd8 14. Bf4 Bd6
15. Bxd6 Qxd6 16. a3 a5 17. Rac1 Bd7 18. Ne5 Be8 19. Qe2 Rac8 20. Qe3 Nd7 21.
Nxd7 Rxd7 22. Bf3 Rcd8 23. d5 cxd5 24. cxd5 e5 1/2-1/2

[Event "NB2 Asztalos csoport"]
[Site "Dunaujvaros"]
[Date "2024.11.17"]
[Round "2.9"]
[White "Horvath, Jozsef"]
[Black "Szabo, Levente Jr"]
[Result "1/2-1/2"]
[WhiteElo "1887"]
[BlackElo "1864"]
[PlyCount "26"]
[EventDate "2024.11.03"]
[EventType "team-tourn"]
[EventRounds "9"]
[EventCountry "HUN"]
[Source "chess.hu"]
[SourceDate "2024.11.17"]
[WhiteTeam "Marcali VSZSE"]
[BlackTeam "MartonVal-Kiralysakk"]
[WhiteTeamCountry "HUN"]
[BlackTeamCountry "HUN"]

1. d4 d5 2. Nf3 Nf6 3. e3 Bg4 4. b3 Nbd7 5. Bb2 Ne4 6. Be2 e6 7. O-O Be7 8. c4
O-O 9. Nc3 Nxc3 10. Bxc3 c6 11. Ne5 Bxe2 12. Qxe2 Nf6 13. f4 Ne4 1/2-1/2

[Event "NB2 Asztalos csoport"]
[Site "Dunaujvaros"]
[Date "2024.11.17"]
[Round "2.10"]
[White "Csordas, Peter"]
[Black "Nador, Zoltan"]
[Result "1/2-1/2"]
[WhiteElo "1887"]
[BlackElo "1849"]
[PlyCount "28"]
[EventDate "2024.11.03"]
[EventType "team-tourn"]
[EventRounds "9"]
[EventCountry "HUN"]
[Source "chess.hu"]
[SourceDate "2024.11.17"]
[WhiteTeam "MartonVal-Kiralysakk"]
[BlackTeam "Marcali VSZSE"]
[WhiteTeamCountry "HUN"]
[BlackTeamCountry "HUN"]

1. e4 e6 2. d4 d5 3. exd5 exd5 4. Bd3 Nf6 5. Nf3 Bg4 6. O-O Be7 7. h3 Bh5 8.
Bf4 O-O 9. Nbd2 c5 10. c3 Nc6 11. Qc2 cxd4 12. Nxd4 Nxd4 13. cxd4 Qb6 14. Nb3
Rac8 1/2-1/2

[Event "NB2 Asztalos csoport"]
[Site "Dunaujvaros"]
[Date "2024.11.17"]
[Round "2.11"]
[White "Dan, Daniel"]
[Black "Radics, Nora"]
[Result "1-0"]
[WhiteElo "1864"]
[BlackElo "1814"]
[PlyCount "27"]
[EventDate "2024.11.03"]
[EventType "team-tourn"]
[EventRounds "9"]
[EventCountry "HUN"]
[Source "chess.hu"]
[SourceDate "2024.11.17"]
[WhiteTeam "Marcali VSZSE"]
[BlackTeam "MartonVal-Kiralysakk"]
[WhiteTeamCountry "HUN"]
[BlackTeamCountry "HUN"]

1. e4 e5 2. Nf3 Nf6 3. Nxe5 Nc6 4. Nxc6 dxc6 5. d3 Bc5 6. Be2 h5 7. h3 Qd6 8.
c3 Bb6 9. Nd2 h4 10. d4 Qe7 11. e5 Nd5 12. Nf3 Bf5 13. a3 Ba5 14. Qa4 1-0

[Event "NB2 Asztalos csoport"]
[Site "Dunaujvaros"]
[Date "2024.11.17"]
[Round "2.12"]
[White "Kortelyesi, Richard"]
[Black "Nagy, Balazs"]
[Result "1/2-1/2"]
[WhiteElo "1733"]
[BlackElo "1829"]
[PlyCount "87"]
[EventDate "2024.11.03"]
[EventType "team-tourn"]
[EventRounds "9"]
[EventCountry "HUN"]
[Source "chess.hu"]
[SourceDate "2024.11.17"]
[WhiteTeam "MartonVal-Kiralysakk"]
[BlackTeam "Marcali VSZSE"]
[WhiteTeamCountry "HUN"]
[BlackTeamCountry "HUN"]

1. d4 d5 2. f4 Nf6 3. e3 Bg4 4. Nf3 e6 5. Bd3 c5 6. c3 Nc6 7. O-O Be7 8. Qe1
Bxf3 9. Rxf3 Qc7 10. Nd2 cxd4 11. exd4 g6 12. Rf1 Bd6 13. g3 O-O 14. Nf3 Ne7
15. Ne5 Nf5 16. g4 Ng7 17. Qe2 h5 18. h3 a6 19. Kg2 b5 20. a3 Qb7 21. Be3 Ne4
22. Rae1 Bxe5 23. fxe5 Qe7 24. Bxe4 dxe4 25. Bh6 Qh4 26. Bxg7 Kxg7 27. Qxe4
hxg4 28. hxg4 Rh8 29. Rh1 Qg5 30. Qf3 Raf8 31. Ref1 Rxh1 32. Rxh1 f5 33. exf6+
Rxf6 34. Qb7+ Rf7 35. Rh7+ Kxh7 36. Qxf7+ Kh8 37. Qxe6 Qd2+ 38. Kf3 Qxb2 39.
Qc8+ Kh7 40. Qc5 Qc2 41. g5 Qd3+ 42. Kf4 Qd2+ 43. Ke4 Qg2+ 44. Kf4 1/2-1/2

[Event "NB2 Asztalos csoport"]
[Site "Szentlorinc"]
[Date "2024.11.17"]
[Round "2.1"]
[White "Solty, Laszlo"]
[Black "Meszaros, Gyula"]
[Result "0-1"]
[WhiteElo "2058"]
[BlackElo "2299"]
[PlyCount "166"]
[EventDate "2024.11.03"]
[EventType "team-tourn"]
[EventRounds "9"]
[EventCountry "HUN"]
[Source "chess.hu"]
[SourceDate "2024.11.17"]
[WhiteTeam "Komloi BSK II."]
[BlackTeam "Szentlorinc SE"]
[WhiteTeamCountry "HUN"]
[BlackTeamCountry "HUN"]

1. d4 e6 2. Nf3 Nf6 3. g3 b5 4. Bg2 Bb7 5. O-O c5 6. e3 Qb6 7. b3 d5 8. dxc5
Bxc5 9. Bb2 Nbd7 10. Nc3 O-O 11. Ne2 Rac8 12. Nf4 Rfd8 13. Nd3 Bd6 14. Nfe5
Nxe5 15. Nxe5 Qc7 16. Nf3 Qxc2 17. Qxc2 Rxc2 18. Bxf6 gxf6 19. Nd4 Rc5 20. b4
Rc4 21. a3 a6 22. Rfd1 Rdc8 23. Bf1 R4c7 24. a4 bxa4 25. b5 axb5 26. Nxb5 Rd7
27. Nxd6 Rxd6 28. Rxa4 Rb6 29. Rg4+ Kh8 30. Rf4 f5 31. Bd3 Ba6 32. Bxa6 Rxa6
33. Rd2 Rac6 34. Rb4 Kg7 35. Kg2 Rc4 36. Rbb2 Kf6 37. Kf3 Rc3 38. Ke2 Kg5 39.
Rb7 R3c7 40. Rbb2 h5 41. h4+ Kf6 42. Ra2 Rc4 43. Rab2 Ra4 44. Rb6 Rd8 45. Rb7
Rda8 46. Rbb2 R8a7 47. Rbc2 Rd7 48. Rc8 Kg7 49. Rb2 Rda7 50. Rcc2 d4 51. exd4
Rxd4 52. Rb5 Rad7 53. Kf3 Rd3+ 54. Kg2 Rd2 55. Rxd2 Rxd2 56. Kf3 Rd3+ 57. Kg2
Rd5 58. Rb8 e5 59. Kf3 Rd3+ 60. Ke2 Rd4 61. Rb6 f4 62. Kf3 fxg3 63. fxg3 f6 64.
Rb7+ Kg6 65. Re7 Rd3+ 66. Kf2 Kf5 67. Rh7 Kg4 68. Rg7+ Kf5 69. Rh7 Kg4 70. Rg7+
Kh3 71. Rh7 e4 72. Rxh5 Rf3+ 73. Ke2 Kxg3 74. Rh8 Kg4 75. h5 Rh3 76. h6 Rh2+
77. Ke1 e3 78. h7 Kf3 79. Kd1 Rh1+ 80. Kc2 e2 81. Rf8 e1=Q 82. Rxf6+ Kg4 83.
Rg6+ Kf5 0-1